| 000 | 00323nam a22000977a 4500 | ||
|---|---|---|---|
| 008 | 161114b xxu||||| |||| 00| 0 eng d | ||
| 100 | _aHerst, Herman | ||
| 245 | _aFun and profit in stamp collecting | ||
| 260 |
_aNew York _bDuell, Sloan and Pearce, _c1962 |
||
| 650 | _aCollecting | Guides and Handbooks | Investment and Speculation | ||
| 999 |
_c2104 _d2104 |
||